Представление документа в формате MARC21

ПолеНазваниеЗначение
  Тип записи a
  Библиографический уровень m
001 Контрольный номер RU/URAIT/588423
005 Дата корректировки 20260429163600.9
008 Кодируемые данные 260429s2026 RU y f j 000 0 rus u
020 Индекс ISBN __
a ISBN 978-5-534-18505-8
c Цена, тираж 2629.00
040 Источник каталогиз. __
a Служба первич. каталог. ИКО Юрайт
c Служба, преобразующая запись ИКО Юрайт
e Правила каталог. RCR
041 Код языка издания __
a Код языка текста rus
044 Код страны публикации __
a Код страны публикации RU
080 Индекс УДК __
a Индекс УДК 379.85(075.32)
084 Индекс другой классификации/Индекс ББК __
2 Источник индекса rubbk
a Индекс другой классификации/Индекс ББК 65.433я723
100 Автор __
a Автор Емелин С. В.
q Полное имя Емелин Сергей Викторович
245 Заглавие __
a Заглавие Технология и организация туроператорской деятельности
b Продолж. заглавия учебник для спо
c Ответственность С. В. Емелин.
250 Сведения об издании __
g пер. и доп
a Основные сведения об издании 2-е изд.
256 Характеристики компьютерного файла __
a Характеристики компьютерного файла Электрон. дан.
260 Выходные данные __
a Место издания Москва
b Издательство Юрайт
c Дата издания 2026
300 Физическое описание __
a Объем 517 с
440 Серия __
a Серия Профессиональное образование
500 Примечания __
a Примечание URL: https://urait.ru/bcode/588423 (дата обращения: 29.04.2026).
520 Аннотация __
a Аннотация Курс посвящен одному из самых важных видов туристской деятельности — технологии и организации туроператорской деятельности. Даются теоретические и организационно-правовые основы предоставления туроператорских услуг, рассматривается туристский продукт как результат туроператорской деятельности, особенности и технологии его формирования, продвижения и реализации. Особое внимание уделяется вопросам взаимодействия туроператора с турагентами, поставщиками и потребителями туристских услуг, ценообразованию туристского продукта. Отдельные темы посвящены типологии туристов и стратегии их обслуживания, работе с претензиями и жалобами клиентов турфирмы, туристским формальностям, автоматизации работы туристского предприятия, а также требованиям к персоналу туроператорских и турагентских фирм. Соответствует актуальным требованиям Федерального государственного образовательного стандарта среднего профессионального образования и профессиональным требованиям. Курс предназначен для специалистов в туристской отрасли. Также будет полезен студентам средних специальных учебных заведений, обучающимся по направлению «Туризм», преподавателям, практическим работникам сферы туризма и гостеприимства.
538 Прим. о системных особенностях __
a Прим. о системных особенностях Режим доступа: Электронно-библиотечная система Юрайт, для авториз. пользователей
653 Ключевые слова __
a Ключевые слова Туризм и гостеприимство
653 Ключевые слова __
a Ключевые слова Менеджмент
653 Ключевые слова __
a Ключевые слова Технология и организация туроператорской деятельности
653 Ключевые слова __
a Ключевые слова Туроперейтинг
653 Ключевые слова __
a Ключевые слова Предоставление туроператорских услуг
653 Ключевые слова __
a Ключевые слова Основы туроперейтинга
653 Ключевые слова __
a Ключевые слова Туроператорские услуги
653 Ключевые слова __
a Ключевые слова Предоставление туроператорских и турагентских услуг
856 Электронный адрес документа 40
n Местонахождение сервера Юрайт
g Электронная книга
q Тип электронного формата html
h Имя пользователя ЮРАЙТ
v Часы доступа к ресурсу 20271231
2 Способ доступа Показать документ
x Служебное примечание https://urait.ru/book/cover/0D691423-802C-4484-AB01-F2D23F49A54F
u URL https://urait.ru/bcode/588423
856 Электронный адрес документа 48
q Тип электронного формата cover
u URL https://urait.ru/book/cover/0D691423-802C-4484-AB01-F2D23F49A54F
911 __
u 0030=https://urait.ru/bcode/588423
911 __
u 073a=9785534185058
u 073d=2629.00
911 __
u 106a=s
911 __
u 900l=
952 Тип литературы __
i Дисциплина Технология и организация туроператорской деятельности
952 Тип литературы __
i Дисциплина Туроперейтинг
952 Тип литературы __
i Дисциплина Предоставление туроператорских услуг
952 Тип литературы __
i Дисциплина Основы туроперейтинга
952 Тип литературы __
i Дисциплина Туроператорские услуги
952 Тип литературы __
i Дисциплина Предоставление туроператорских и турагентских услуг